[Event "RUS-ch Blitz Men 2018"]
[Site "Sochi"]
[Date "2018.10.07"]
[Round "12"]
[White "Gutenev, Alexander"]
[Black "Remizov, Yaroslav"]
[Result "1-0"]
[WhiteElo "2456"]
[BlackElo "2315"]
[Annotator "RC"]
[PlyCount "87"]
[EventDate "2018.10.07"]
[EventType "swiss"]
[EventCountry "RUS"]
[SourceTitle "playchess.com"]
[Source "ChessBase"]
[SourceQuality "1"]

1. e4 c5 2. Nf3 Nc6 3. d4 cxd4 4. Nxd4 Nf6 5. Nc3 e5 6. Ndb5 d6 7. Bg5 a6 8. Na3 b5 9. Nd5 Be7 10. Bxf6 Bxf6 11. c4 O-O 12. cxb5 Nd4 13. b6 Bb7 14. Bc4 Bg5 15. O-O Rc8 16. Qd3 Bxd5 17. Bxd5 Qxb6 18. Nc4 Qb5 19. Rfd1 Rc5 20. Nxd6 Qxb2 21. Rab1 Qc3 22. Nxf7 Rxd5 23. Qxc3 Ne2+ 24. Kf1 Nxc3 25. exd5 Kxf7 26. Rb7+ Kg6 27. Rd3 Ne4 28. Rb6+ Rf6 29. Rxf6+ Kxf6 30. Ra3 Nc5 31. Ra5 Nd7 32. Rxa6+ Ke7 33. Rc6 Bd2 34. a4 Bb4 35. Ke2 Nc5 36. a5 Nb3 37. Rc7+ Kd6 38. Rxg7 Bxa5 39. Rxh7 Kxd5 40. h4 Ke4 41. Rf7 Nd4+ 42. Kf1 Bd2 43. h5 Nf5 44. Ke2 1-0

[Event "RUS-ch Blitz Men 2018"]
[Site "Sochi"]
[Date "2018.10.07"]
[Round "12"]
[White "Drygalov, Sergey"]
[Black "Gochelashvili, David"]
[Result "1-0"]
[WhiteElo "2446"]
[BlackElo "2419"]
[Annotator "TA"]
[PlyCount "71"]
[EventDate "2018.10.07"]
[EventType "swiss"]
[EventCountry "RUS"]
[SourceTitle "playchess.com"]
[Source "ChessBase"]
[SourceQuality "1"]

1. d4 g6 2. Nf3 Bg7 3. g3 d6 4. Bg2 Nf6 5. O-O O-O 6. c4 c6 7. Nc3 Qa5 8. h3 Nbd7 9. e4 e5 10. Re1 Re8 11. d5 cxd5 12. cxd5 Nc5 13. a3 Qd8 14. b4 Ncd7 15. Be3 Nb6 16. Qb3 Bd7 17. a4 Qc8 18. Kh2 Qc4 19. Nd2 Qxb3 20. Nxb3 Rec8 21. Nb5 Ne8 22. Nxa7 Rxa7 23. a5 Rc4 24. axb6 Rxa1 25. Rxa1 Rxb4 26. Na5 Bf6 27. Nxb7 Ba4 28. Bf1 Kf8 29. Bd3 Bb5 30. Bxb5 Rxb5 31. Ra6 Rb4 32. Na5 Bd8 33. Nc6 Rxe4 34. Nxd8 Ke7 35. b7 Rb4 36. Nc6+ 1-0

[Event "RUS-ch Blitz Men 2018"]
[Site "Sochi"]
[Date "2018.10.07"]
[Round "12"]
[White "Balashov, Yuri S"]
[Black "Bykov, Oleg"]
[Result "1/2-1/2"]
[WhiteElo "2429"]
[BlackElo "2411"]
[Annotator "NA"]
[PlyCount "139"]
[EventDate "2018.10.07"]
[EventType "swiss"]
[EventCountry "RUS"]
[SourceTitle "playchess.com"]
[Source "ChessBase"]
[SourceQuality "1"]

1. e4 e6 2. Qe2 c5 3. b3 Nc6 4. Bb2 d6 5. Nf3 Nf6 6. g3 Be7 7. Bg2 O-O 8. O-O e5 9. c3 Re8 10. h3 Qc7 11. d4 Bf8 12. d5 Ne7 13. a4 a5 14. Na3 b6 15. Nb5 Qd7 16. Nd2 Ba6 17. Rfe1 Nc8 18. Nf1 g6 19. c4 Bg7 20. Ne3 Rf8 21. Rf1 Nh5 22. Kh2 Ne7 23. f4 exf4 24. gxf4 Rae8 25. Bxg7 Nxg7 26. Rae1 f6 27. Ng4 Kh8 28. e5 fxe5 29. fxe5 Bxb5 30. axb5 dxe5 31. Nxe5 Qc7 32. Rxf8+ Rxf8 33. Kh1 Nef5 34. Qd3 Re8 35. d6 Nxd6 36. Qd5 Rf8 37. Qc6 Nde8 38. Qxc7 Nxc7 39. Nd7 Rf2 40. Nxb6 Rb2 41. Nd7 Rxb3 42. Nxc5 Rb4 43. Re7 Nge8 44. Bc6 Rxc4 45. b6 Rxc5 46. Bxe8 Na6 47. b7 Rc1+ 48. Kh2 Rb1 49. Re6 Nc5 50. Re5 Nxb7 51. Bc6 Nd6 52. Rxa5 Kg7 53. Ra7+ Kh6 54. Bf3 Nf5 55. Bg4 Rb2+ 56. Kg1 Ne3 57. Be6 Nf5 58. Bg8 Kg5 59. Rxh7 Kf4 60. Ra7 Ne3 61. Be6 Kg3 62. Ra1 Rg2+ 63. Kh1 Rh2+ 64. Kg1 Rg2+ 65. Kh1 Rd2 66. Rg1+ Kh4 67. Rxg6 Rd1+ 68. Kh2 Rd2+ 69. Kg1 Rg2+ 70. Rxg2 1/2-1/2

[Event "RUS-ch Blitz Men 2018"]
[Site "Sochi"]
[Date "2018.10.07"]
[Round "12"]
[White "Tsoi, Dmitry"]
[Black "Malakhov, Igor"]
[Result "1/2-1/2"]
[WhiteElo "2429"]
[BlackElo "2423"]
[Annotator "NA"]
[PlyCount "77"]
[EventDate "2018.10.07"]
[EventType "swiss"]
[EventCountry "RUS"]
[SourceTitle "playchess.com"]
[Source "ChessBase"]
[SourceQuality "1"]

1. Nf3 d5 2. g3 c6 3. Bg2 Bg4 4. O-O Nd7 5. d3 e5 6. Nbd2 Ngf6 7. e4 Bd6 8. Qe1 O-O 9. h3 Bh5 10. Nh4 Re8 11. g4 Bg6 12. Nxg6 hxg6 13. exd5 Nxd5 14. Ne4 Be7 15. Nc3 Bb4 16. a3 Bxc3 17. bxc3 Nf4 18. Bxf4 exf4 19. Qd2 Qf6 20. Be4 Nc5 21. Bf3 Nd7 22. Rae1 Ne5 23. Be4 Qh4 24. Qxf4 Qxh3 25. f3 g5 26. Qh2 Qxh2+ 27. Kxh2 Nd7 28. d4 Nf6 29. c4 Rad8 30. c3 Kf8 31. Kg3 c5 32. dxc5 Nxe4+ 33. fxe4 Rd3+ 34. Rf3 Rxf3+ 35. Kxf3 Rc8 36. Rb1 Rxc5 37. Rxb7 Rxc4 38. Rxa7 Rxc3+ 39. Kf2 1/2-1/2

[Event "RUS-ch Blitz Men 2018"]
[Site "Sochi"]
[Date "2018.10.07"]
[Round "12"]
[White "Dzhumagaliev, Yan"]
[Black "Morozevich, Alexander"]
[Result "0-1"]
[WhiteElo "2410"]
[BlackElo "2656"]
[Annotator "TA"]
[PlyCount "96"]
[EventDate "2018.10.07"]
[EventType "swiss"]
[EventCountry "RUS"]
[SourceTitle "playchess.com"]
[Source "ChessBase"]
[SourceQuality "1"]

1. h4 d5 2. h5 h6 3. d4 Nf6 4. Nf3 c5 5. c3 Nc6 6. Bf4 Bg4 7. Ne5 e6 8. Nxg4 Nxg4 9. e4 Nf6 10. e5 Nd7 11. Qd2 Qb6 12. Be3 cxd4 13. cxd4 Ndxe5 14. Be2 Rd8 15. O-O Nc4 16. Bxc4 dxc4 17. Qe2 Nxd4 18. Qxc4 Qc6 19. Qxc6+ Nxc6 20. Nc3 Bb4 21. Ne4 Rd5 22. a3 Be7 23. g4 O-O 24. Rac1 Rfd8 25. b4 a6 26. Bb6 R8d7 27. Be3 Rd3 28. a4 Bxb4 29. g5 hxg5 30. Nxg5 R7d5 31. Nf3 Rxh5 32. Rc4 Rhd5 33. Kg2 Rd1 34. Rxd1 Rxd1 35. Ne5 Nxe5 36. Rxb4 Rd7 37. Kg3 Nc6 38. Rb1 e5 39. Kg4 f6 40. Kf5 Kf7 41. Ke4 Ke6 42. Rb6 f5+ 43. Kf3 f4 44. Bc1 Kf5 45. Kg2 g5 46. Rb2 g4 47. Rc2 Nd4 48. Rc5 Nf3 0-1

[Event "RUS-ch Blitz Men 2018"]
[Site "Sochi"]
[Date "2018.10.07"]
[Round "12"]
[White "Sadovsky, Artem"]
[Black "Demidov, Mikhail"]
[Result "1-0"]
[WhiteElo "2408"]
[BlackElo "2514"]
[Annotator "TA"]
[PlyCount "74"]
[EventDate "2018.10.07"]
[EventType "swiss"]
[EventCountry "RUS"]
[SourceTitle "playchess.com"]
[Source "ChessBase"]
[SourceQuality "1"]

1. c4 e5 2. g3 Bc5 3. Bg2 Nc6 4. Nc3 a6 5. e3 d6 6. Nge2 Ba7 7. d4 Nf6 8. O-O O-O 9. h3 exd4 10. Nxd4 Nxd4 11. exd4 Re8 12. Qd3 Rb8 13. Be3 Bd7 14. a4 Qc8 15. g4 h6 16. Rfe1 Qd8 17. g5 Rxe3 18. Qxe3 hxg5 19. Rad1 Nh5 20. Qe7 Nf4 21. Qxd8+ Rxd8 22. Bxb7 Rb8 23. Re7 Nxh3+ 24. Kf1 Rxb7 25. Rxd7 Rxb2 26. Rxc7 Rxf2+ 27. Ke1 Bb6 28. Rc8+ Kh7 29. Rd3 Rh2 30. c5 dxc5 31. dxc5 Ba5 32. c6 Nf4 33. Rg3 Ne2 34. c7 Nxg3 35. Rh8+ Kxh8 36. c8=Q+ Kh7 37. Kd1 Rh4 1-0

[Event "RUS-ch Blitz Men 2018"]
[Site "Sochi"]
[Date "2018.10.07"]
[Round "12"]
[White "Yashmetov, Mikhail"]
[Black "Alekseev, Evgeny"]
[Result "0-1"]
[WhiteElo "2394"]
[BlackElo "2620"]
[Annotator "ChessBase"]
[PlyCount "60"]
[EventDate "2018.10.07"]
[EventType "swiss"]
[EventCountry "RUS"]
[SourceTitle "playchess.com"]
[Source "ChessBase"]
[SourceQuality "1"]

1. Nf3 c5 2. g3 Nc6 3. d4 cxd4 4. Nxd4 g6 5. Bg2 Bg7 6. Nb3 d6 7. O-O Be6 8. Nc3 Bxc3 9. bxc3 Qd7 10. Re1 Rc8 11. c4 b6 12. Bb2 f6 13. a4 h5 14. a5 h4 15. axb6 axb6 16. Nd4 Nxd4 17. Qxd4 hxg3 18. hxg3 Qc7 19. Qe3 Kf7 20. Bd4 Nh6 21. Bxb6 Qxc4 22. Ra7 Nf5 23. Qa3 Qc3 24. Qxc3 Rxc3 25. e4 Nh6 26. Rd1 Rxc2 27. Bf1 Ng4 28. Bd4 Nh2 29. Bg2 Bg4 30. Rb1 Nf3+ 0-1

[Event "RUS-ch Blitz Men 2018"]
[Site "Sochi"]
[Date "2018.10.07"]
[Round "12"]
[White "Kalinin, Michail Borisovich"]
[Black "Oganian, Miran"]
[Result "0-1"]
[WhiteElo "2380"]
[BlackElo "2435"]
[Annotator "TA"]
[PlyCount "63"]
[EventDate "2018.10.07"]
[EventType "swiss"]
[EventCountry "RUS"]
[SourceTitle "playchess.com"]
[Source "ChessBase"]
[SourceQuality "1"]

1. d4 Nf6 2. Nf3 d5 3. e3 c5 4. a3 cxd4 5. Nxd4 e5 6. Nf3 Nc6 7. b4 a6 8. Bb2 Bd6 9. c4 dxc4 10. Bxc4 O-O 11. h3 Qe7 12. Nbd2 Rd8 13. Qb3 b5 14. Be2 Be6 15. Qd1 Bd5 16. O-O e4 17. Nd4 Qe5 18. g3 Nxd4 19. Bxd4 Qf5 20. Bg4 Qg6 21. Re1 Bb7 22. Rc1 a5 23. bxa5 Bxa3 24. Rb1 Bc6 25. Bb6 Rd3 26. Qe2 h5 27. Bxh5 Nxh5 28. Nf1 b4 29. Qc2 Bb5 30. Qc5 Qc6 31. Qxh5 b3 32. Qf5 0-1

[Event "RUS-ch Blitz Men 2018"]
[Site "Sochi"]
[Date "2018.10.07"]
[Round "12"]
[White "Dilmukhametov, Artur"]
[Black "Khanin, Semen"]
[Result "1-0"]
[WhiteElo "2353"]
[BlackElo "2510"]
[Annotator "TA"]
[PlyCount "97"]
[EventDate "2018.10.07"]
[EventType "swiss"]
[EventCountry "RUS"]
[SourceTitle "playchess.com"]
[Source "ChessBase"]
[SourceQuality "1"]

1. d4 Nf6 2. Nc3 d5 3. Bf4 e6 4. e3 a6 5. g4 c5 6. g5 Nfd7 7. Qd2 Nc6 8. Nf3 b5 9. h4 Nb6 10. dxc5 Bxc5 11. Ne5 Bb7 12. Bd3 Nc4 13. Bxc4 dxc4 14. Qxd8+ Rxd8 15. Rg1 O-O 16. Ke2 Nxe5 17. Bxe5 b4 18. Na4 Ba7 19. a3 Rd5 20. Bc7 b3 21. Rac1 Bc6 22. cxb3 Rd7 23. Ba5 Bb5 24. Nc3 cxb3+ 25. Nxb5 axb5 26. Rc3 Rd5 27. Rxb3 Rc8 28. Rc3 Rxc3 29. Bxc3 Kf8 30. Rd1 Rxd1 31. Kxd1 g6 32. Kc2 Ke7 33. Be5 Kd7 34. Kc3 Kc6 35. Kd3 Bc5 36. Bd4 Bd6 37. f4 Kd5 38. e4+ Kc6 39. Be3 Bc7 40. Bc1 Bb6 41. Be3 Ba5 42. b3 Be1 43. Ke2 Bxh4 44. Bf2 Bxf2 45. Kxf2 e5 46. fxe5 Kd7 47. Ke3 Kc7 48. Kd4 Kc6 49. a4 1-0

[Event "RUS-ch Blitz Men 2018"]
[Site "Sochi"]
[Date "2018.10.07"]
[Round "12"]
[White "Murzin, Volodar"]
[Black "Grachev, Boris"]
[Result "1/2-1/2"]
[WhiteElo "2340"]
[BlackElo "2626"]
[Annotator "TA"]
[PlyCount "74"]
[EventDate "2018.10.07"]
[EventType "swiss"]
[EventCountry "RUS"]
[SourceTitle "playchess.com"]
[Source "ChessBase"]
[SourceQuality "1"]

1. e4 c5 2. Nf3 e6 3. g3 Nc6 4. Bg2 Nf6 5. d3 d6 6. O-O Be7 7. Re1 O-O 8. c3 b6 9. d4 cxd4 10. cxd4 d5 11. e5 Ne4 12. Nbd2 Nxd2 13. Bxd2 Ba6 14. Qa4 Bb7 15. Rac1 Qd7 16. Bf1 Rfc8 17. Qb3 Rc7 18. a3 Rac8 19. Qd3 Na5 20. Rxc7 Rxc7 21. Bxa5 bxa5 22. Qd2 Qa4 23. Rc1 Rxc1 24. Qxc1 Qd7 25. Qc3 Bd8 26. Ne1 Bb6 27. Nd3 Bc6 28. Nc5 Qe8 29. h4 h6 30. Bd3 h5 31. Kg2 g6 32. Be2 Bb5 33. Bd1 Kg7 34. b3 a4 35. b4 Qc6 36. Bc2 Bd8 37. Bd1 Be7 1/2-1/2

[Event "RUS-ch Blitz Men 2018"]
[Site "Sochi"]
[Date "2018.10.07"]
[Round "12"]
[White "Papenin, Nikolai"]
[Black "Tomashevsky, Evgeny"]
[Result "0-1"]
[WhiteElo "2334"]
[BlackElo "2705"]
[Annotator "TA"]
[PlyCount "116"]
[EventDate "2018.10.07"]
[EventType "swiss"]
[EventCountry "RUS"]
[SourceTitle "playchess.com"]
[Source "ChessBase"]
[SourceQuality "1"]

1. d4 Nf6 2. c4 e6 3. Nc3 Bb4 4. g3 d6 5. Bg2 Nbd7 6. Nf3 Bxc3+ 7. bxc3 Rb8 8. O-O b6 9. Nd2 O-O 10. e4 e5 11. f4 c5 12. d5 Re8 13. f5 b5 14. g4 h6 15. cxb5 Rxb5 16. Nc4 Qe7 17. h4 Rb8 18. g5 hxg5 19. hxg5 Nh7 20. Rf3 Ba6 21. Na3 Nxg5 22. Rg3 f6 23. Qh5 Rb6 24. Bxg5 fxg5 25. Rxg5 Nf6 26. Qh4 Nh7 27. Rh5 Qxh4 28. Rxh4 Nf6 29. Kf2 Rb2+ 30. Kg3 Reb8 31. Bf3 Rd2 32. Rg1 Rbb2 33. Rgh1 Rxa2 34. Nb1 Rdc2 35. Rh8+ Kf7 36. Ra8 Be2 37. Rhh8 Bxf3 38. Kxf3 c4 39. Rhf8+ Ke7 40. Rfb8 Rf2+ 41. Kg3 Nxe4+ 42. Kg4 Nf6+ 43. Kg3 Rg2+ 44. Kh3 Rh2+ 45. Kg3 Rag2+ 46. Kf3 Rf2+ 47. Ke3 Nxd5+ 48. Ke4 Nf6+ 49. Ke3 Re2+ 50. Kf3 Rhf2+ 51. Kg3 Rxf5 52. Rxa7+ Ke6 53. Rbb7 Ne4+ 54. Kg4 Rf4+ 55. Kh3 Re3+ 56. Kg2 Rg3+ 57. Kh2 Rf2+ 58. Kh1 Rf6 0-1

[Event "RUS-ch Blitz Men 2018"]
[Site "Sochi"]
[Date "2018.10.07"]
[Round "12"]
[White "Smirnov, Timofey"]
[Black "Gabrielian, Artur"]
[Result "1/2-1/2"]
[WhiteElo "2332"]
[BlackElo "2499"]
[Annotator "RC"]
[PlyCount "196"]
[EventDate "2018.10.07"]
[EventType "swiss"]
[EventCountry "RUS"]
[SourceTitle "playchess.com"]
[Source "ChessBase"]
[SourceQuality "1"]

1. e4 c5 2. Nf3 Nc6 3. d4 cxd4 4. Nxd4 Nf6 5. Nc3 d6 6. Be2 e6 7. Be3 Be7 8. O-O O-O 9. Qd2 a6 10. f4 Nxd4 11. Bxd4 e5 12. Be3 exf4 13. Rxf4 Be6 14. Rd1 Nd7 15. Rff1 Rc8 16. Kh1 Ne5 17. Qc1 Qc7 18. Rd2 Rfe8 19. Rfd1 Bf8 20. a4 Qc6 21. Rd4 Bc4 22. Bd3 b5 23. axb5 axb5 24. Qd2 g6 25. Nd5 Bg7 26. Bh6 Bxd5 27. Rxd5 Nxd3 28. cxd3 Re6 29. Bxg7 Kxg7 30. h3 Re5 31. Rxe5 dxe5 32. Qb4 Rd8 33. Rd2 Rd7 34. Qc3 Qe6 35. Qc5 Rb7 36. b4 Rb8 37. d4 exd4 38. Qxd4+ Kg8 39. Qd5 Re8 40. Qxe6 Rxe6 41. Rd5 Rb6 42. Kg1 Kf8 43. Kf2 Ke7 44. Ke3 Ke6 45. Kd4 Rb8 46. Kc5 f5 47. exf5+ gxf5 48. Rd6+ Ke5 49. Rb6 Rg8 50. Kxb5 Rxg2 51. Rh6 f4 52. Rxh7 Ke4 53. Re7+ Kd3 54. Kb6 Rg6+ 55. Kb7 f3 56. Rf7 Ke2 57. b5 f2 58. b6 Rg7 59. Rxg7 f1=Q 60. Rc7 Qxh3 61. Kb8 Qg3 62. b7 Qd6 63. Kc8 Qf8+ 64. Kd7 Qf7+ 65. Kc6 Qe6+ 66. Kc5 Qe5+ 67. Kc6 Qe4+ 68. Kc5 Qb1 69. Kc6 Qc2+ 70. Kb6 Qb3+ 71. Kc6 Qa4+ 72. Kb6 Qb4+ 73. Kc6 Qe4+ 74. Kb6 Qe3+ 75. Kc6 Qa7 76. Rc8 Qa6+ 77. Kc7 Qa5+ 78. Kc6 Qc3+ 79. Kb6 Qb4+ 80. Kc6 Qa4+ 81. Kb6 Qb4+ 82. Kc6 Qc4+ 83. Kb6 Qd4+ 84. Kc6 Qf6+ 85. Kb5 Qe5+ 86. Kc6 Qe6+ 87. Kc5 Qe3+ 88. Kc6 Qc3+ 89. Kb6 Qd4+ 90. Kc6 Qa4+ 91. Kb6 Qb4+ 92. Kc6 Qc4+ 93. Kb6 Qd4+ 94. Kc6 Qf6+ 95. Kc5 Qc3+ 96. Kb6 Qb4+ 97. Kc6 Qc4+ 98. Kb6 Qb4+ 1/2-1/2

[Event "RUS-ch Blitz Men 2018"]
[Site "Sochi"]
[Date "2018.10.07"]
[Round "12"]
[White "Ivlev, Aleksey"]
[Black "Bocharov, Dmitry"]
[Result "1-0"]
[WhiteElo "2326"]
[BlackElo "2557"]
[Annotator "TA"]
[PlyCount "87"]
[EventDate "2018.10.07"]
[EventType "swiss"]
[EventCountry "RUS"]
[SourceTitle "playchess.com"]
[Source "ChessBase"]
[SourceQuality "1"]

1. d4 Nf6 2. Nf3 e6 3. c4 b6 4. g3 Ba6 5. b3 d5 6. cxd5 exd5 7. Bg2 Bb4+ 8. Bd2 Bd6 9. O-O O-O 10. Nc3 Re8 11. Re1 Nbd7 12. Bf4 Bb4 13. Bd2 Rc8 14. a3 Bf8 15. b4 Bb7 16. Rc1 a6 17. Qb3 h6 18. h3 c6 19. Bf4 b5 20. Ne5 Nb6 21. Nd3 Nc4 22. Rcd1 Nh5 23. Bc1 Rc7 24. Nc5 Bc8 25. e4 dxe4 26. N3xe4 Nb6 27. g4 Nf6 28. Nxf6+ gxf6 29. Rxe8 Qxe8 30. Qg3 Re7 31. Bf4 Re2 32. Qh4 Re1+ 33. Rxe1 Qxe1+ 34. Kh2 Nc4 35. Bxc6 Nd2 36. Bxd2 Qxd2 37. Ne4 Qxd4 38. Qxf6 Qb6 39. Bd5 Qc7+ 40. Kg2 Qd7 41. Qg6+ Kh8 42. Bxf7 Bg7 43. Nf6 Qd4 44. Qh7# 1-0

[Event "RUS-ch Blitz Men 2018"]
[Site "Sochi"]
[Date "2018.10.07"]
[Round "12"]
[White "Chizhikov, Vladislav"]
[Black "Kozionov, Kirill"]
[Result "0-1"]
[WhiteElo "2304"]
[BlackElo "2458"]
[Annotator "TA"]
[PlyCount "92"]
[EventDate "2018.10.07"]
[EventType "swiss"]
[EventCountry "RUS"]
[SourceTitle "playchess.com"]
[Source "ChessBase"]
[SourceQuality "1"]

1. e4 c5 2. Nf3 d6 3. b4 cxb4 4. a3 Nf6 5. Bb5+ Bd7 6. Bxd7+ Nbxd7 7. d3 bxa3 8. Nxa3 g6 9. Rb1 Rb8 10. Be3 Qa5+ 11. Qd2 Qxa3 12. O-O Qa6 13. Ra1 Qc6 14. Bxa7 Rc8 15. Nd4 Qc3 16. Qe3 Bg7 17. Nb5 Qc6 18. Nd4 Qc7 19. Nb5 Qd8 20. e5 dxe5 21. c4 b6 22. Qf3 O-O 23. Rfb1 e4 24. dxe4 Ne5 25. Qe2 Qd3 26. Qxd3 Nxd3 27. Bxb6 Nxe4 28. Ra7 Rxc4 29. Rxe7 Nf6 30. Be3 Nd5 31. Rd7 Nxe3 32. Rxd3 Nf5 33. g3 h5 34. Na3 Rc5 35. Kg2 Ra8 36. Rb5 Rxb5 37. Nxb5 Rb8 38. Nc7 Rc8 39. Nd5 Kf8 40. Nb6 Re8 41. Nd7+ Kg8 42. Nc5 Bd4 43. Nb3 Bb6 44. Kf3 Ra8 45. Nc1 Rd8 46. Rb3 Nd4+ 0-1

[Event "RUS-ch Blitz Men 2018"]
[Site "Sochi"]
[Date "2018.10.07"]
[Round "12"]
[White "Taysayev, Timur"]
[Black "Potapov, Pavel"]
[Result "0-1"]
[WhiteElo "2225"]
[BlackElo "2515"]
[Annotator "ChessBase"]
[PlyCount "151"]
[EventDate "2018.10.07"]
[EventType "swiss"]
[EventCountry "RUS"]
[SourceTitle "playchess.com"]
[Source "ChessBase"]
[SourceQuality "1"]

1. e4 c5 2. Nf3 Nc6 3. d4 cxd4 4. Nxd4 e5 5. Nf5 d5 6. Qxd5 Qxd5 7. exd5 Bxf5 8. dxc6 bxc6 9. Bd3 Bxd3 10. cxd3 Rd8 11. Ke2 f5 12. Nd2 Bd6 13. Nc4 Bc7 14. Bd2 Ne7 15. Bc3 Ng6 16. g3 Kf7 17. Rad1 Rhe8 18. Rhe1 h5 19. Kd2 h4 20. Kc2 Re6 21. Re3 hxg3 22. hxg3 Rh8 23. Rde1 Rh2 24. R1e2 f4 25. gxf4 Nxf4 26. Rd2 Rh5 27. Re4 Rf5 28. Ne3 Rg5 29. d4 exd4 30. Rexd4 Re7 31. Rc4 c5 32. Ra4 Bb8 33. Nc4 Ne6 34. Ne3 Kg6 35. Ra6 Kh7 36. Rd5 Rxd5 37. Nxd5 Re8 38. Kd3 Ng5 39. Ne3 Rf8 40. Ke2 Ne4 41. f3 Ng3+ 42. Kf2 Nh5 43. Ng4 Nf4 44. Ke3 Nd5+ 45. Ke2 Re8+ 46. Kf2 Rd8 47. Ke2 Nf4+ 48. Ke3 Rd3+ 49. Ke4 Rd8 50. Be5 Bxe5 51. Nxe5 Nd5 52. Rxa7 Nb4 53. a3 Rd4+ 54. Kf5 Nd5 55. Ke6 Nf4+ 56. Kf5 Nd5 57. Ke6 Nf4+ 58. Kf5 Nd5 59. Rd7 Ne3+ 60. Ke6 Rf4 61. Rf7 Rd4 62. f4 Nd5 63. f5 Nf6 64. Ng6 Re4+ 65. Kd6 Kh6 66. Ne7 c4 67. Ng6 Kg5 68. Ne7 Kh6 69. Ng6 Rd4+ 70. Kc5 Rd5+ 71. Kxc4 Rxf5 72. Ne7 Rf4+ 73. Kb3 Rf3+ 74. Ka2 g5 75. Nd5 Kg6 76. Rxf6+ 0-1

[Event "RUS-ch Blitz Men 2018"]
[Site "Sochi"]
[Date "2018.10.07"]
[Round "13"]
[White "Artemiev, Vladislav"]
[Black "Esipenko, Andrey"]
[Result "0-1"]
[WhiteElo "2706"]
[BlackElo "2609"]
[Annotator "TA"]
[PlyCount "102"]
[EventDate "2018.10.07"]
[EventType "swiss"]
[EventCountry "RUS"]
[SourceTitle "playchess.com"]
[Source "ChessBase"]
[SourceQuality "1"]

1. c4 Nf6 2. g3 e6 3. Bg2 d5 4. Nf3 Be7 5. O-O O-O 6. d3 b6 7. Nc3 Bb7 8. Ne5 Nbd7 9. d4 c5 10. cxd5 exd5 11. Nf3 Re8 12. Bf4 Nf8 13. Rc1 Ne6 14. Be5 Ne4 15. dxc5 Nxc3 16. Bxc3 bxc5 17. e3 Qb6 18. Ne5 Rad8 19. Qa4 Bd6 20. Nf3 Bc6 21. Qa5 Qb7 22. Nh4 Bf8 23. Be5 d4 24. Bxc6 Qxc6 25. Bxd4 Rxd4 26. exd4 Nxd4 27. Rce1 Ne2+ 28. Rxe2 Rxe2 29. Qc3 Qb7 30. Rb1 g6 31. Ng2 Qe4 32. Rd1 Rc2 33. Qb3 Qe2 34. Rf1 Rxb2 35. Qd5 Rxa2 36. Nf4 Qd2 37. Qc6 Qd6 38. Qe4 Rd2 39. Qa4 Qb6 40. Qc4 Qb4 41. Qa6 Qb6 42. Qc4 a5 43. Qc3 Qb4 44. Qe5 Qd4 45. Qe8 a4 46. Ne2 Qd7 47. Qe3 Qd3 48. Qxd3 Rxd3 49. Ra1 a3 50. Kf1 Bg7 51. Ra2 Bb2 0-1

[Event "RUS-ch Blitz Men 2018"]
[Site "Sochi"]
[Date "2018.10.07"]
[Round "13"]
[White "Tomashevsky, Evgeny"]
[Black "Kozionov, Kirill"]
[Result "1-0"]
[WhiteElo "2705"]
[BlackElo "2458"]
[Annotator "TA"]
[PlyCount "35"]
[EventDate "2018.10.07"]
[EventType "swiss"]
[EventCountry "RUS"]
[SourceTitle "playchess.com"]
[Source "ChessBase"]
[SourceQuality "1"]

1. c4 e5 2. Nc3 Nf6 3. Nf3 Nc6 4. g3 d5 5. cxd5 Nxd5 6. Bg2 Nb6 7. O-O Be7 8. Rb1 a5 9. d3 O-O 10. Be3 Be6 11. Rc1 f5 12. a3 a4 13. Nd2 Bg5 14. Bxg5 Qxg5 15. Nb5 Qe7 16. b4 axb3 17. Nxb3 Na4 18. Qc2 1-0

[Event "RUS-ch Blitz Men 2018"]
[Site "Sochi"]
[Date "2018.10.07"]
[Round "13"]
[White "Matlakov, Maxim"]
[Black "Vastrukhin, Oleg"]
[Result "1-0"]
[WhiteElo "2683"]
[BlackElo "2413"]
[Annotator "TA"]
[PlyCount "89"]
[EventDate "2018.10.07"]
[EventType "swiss"]
[EventCountry "RUS"]
[SourceTitle "playchess.com"]
[Source "ChessBase"]
[SourceQuality "1"]

1. d4 g6 2. e4 Bg7 3. Nc3 c6 4. Nf3 d5 5. h3 Nf6 6. Bd3 dxe4 7. Nxe4 O-O 8. Nxf6+ exf6 9. O-O a5 10. Bf4 Na6 11. c3 Nc7 12. Qd2 Re8 13. Rfe1 Be6 14. c4 a4 15. Rac1 Na6 16. Re2 Qb6 17. a3 Red8 18. Rce1 Rxd4 19. Nxd4 Qxd4 20. Be3 Qd6 21. Bc2 Qxd2 22. Rxd2 Bxc4 23. Bxa4 Be6 24. Red1 Bf8 25. Rd8 Rxd8 26. Rxd8 Kg7 27. b4 Nc7 28. Bh6+ Kxh6 29. Rxf8 Bd5 30. Rb8 b5 31. Bd1 Ne6 32. f3 Kg5 33. Kf2 Kf4 34. Rb7 Nd4 35. Re7 h5 36. g3+ Kg5 37. h4+ Kh6 38. Rd7 g5 39. hxg5+ fxg5 40. Rd6+ Kg7 41. a4 bxa4 42. Bxa4 h4 43. gxh4 gxh4 44. b5 Nxf3 45. b6 1-0

[Event "RUS-ch Blitz Men 2018"]
[Site "Sochi"]
[Date "2018.10.07"]
[Round "13"]
[White "Sjugirov, Sanan"]
[Black "Bocharov, Ivan"]
[Result "1/2-1/2"]
[WhiteElo "2654"]
[BlackElo "2563"]
[Annotator "TA"]
[PlyCount "117"]
[EventDate "2018.10.07"]
[EventType "swiss"]
[EventCountry "RUS"]
[SourceTitle "playchess.com"]
[Source "ChessBase"]
[SourceQuality "1"]

1. e4 e5 2. Nf3 Nc6 3. Bb5 a6 4. Ba4 Nf6 5. O-O Be7 6. Bxc6 dxc6 7. d3 Qd6 8. b3 Bg4 9. Bb2 Nd7 10. Nbd2 f6 11. Nc4 Qe6 12. Ne3 Bxf3 13. Qxf3 O-O-O 14. Rad1 h5 15. d4 exd4 16. Bxd4 Bc5 17. Qf5 Rde8 18. Qxe6 Rxe6 19. f3 g6 20. Bxc5 Nxc5 21. Nc4 b6 22. Kf2 a5 23. Rd2 Rd8 24. Rfd1 Rxd2+ 25. Rxd2 a4 26. b4 Nb7 27. h4 b5 28. Ne3 c5 29. c3 cxb4 30. cxb4 c5 31. bxc5 Nxc5 32. Nd5 Kb7 33. Rc2 Rc6 34. Ke3 Nd7 35. Rb2 Rc5 36. g4 Kc6 37. gxh5 gxh5 38. Nb4+ Kd6 39. Rd2+ Ke6 40. Nd5 Ne5 41. Rg2 Rc1 42. f4 Ng4+ 43. Kd4 Rh1 44. Rc2 Kd6 45. Nb4 Rxh4 46. Rc6+ Kd7 47. Ra6 Rh1 48. Ra7+ Ke8 49. Nd5 Rd1+ 50. Kc5 Re1 51. e5 fxe5 52. f5 e4 53. Kd6 e3 54. Ke6 Kf8 55. Rf7+ Kg8 56. f6 Kh8 57. Ne7 Nxf6 58. Rxf6 e2 59. Rh6+ 1/2-1/2

[Event "RUS-ch Blitz Men 2018"]
[Site "Sochi"]
[Date "2018.10.07"]
[Round "13"]
[White "Riazantsev, Alexander"]
[Black "Potapov, Pavel"]
[Result "1/2-1/2"]
[WhiteElo "2649"]
[BlackElo "2515"]
[Annotator "TA"]
[PlyCount "105"]
[EventDate "2018.10.07"]
[EventType "swiss"]
[EventCountry "RUS"]
[SourceTitle "playchess.com"]
[Source "ChessBase"]
[SourceQuality "1"]

1. Nf3 g6 2. e4 Bg7 3. d4 d6 4. Bc4 c6 5. Bb3 Nf6 6. Qe2 O-O 7. O-O Qc7 8. e5 dxe5 9. dxe5 Nd5 10. h3 a5 11. c4 Nb6 12. Nc3 a4 13. Bc2 Be6 14. c5 Nd5 15. Nxa4 Nd7 16. Ng5 Qxe5 17. Qxe5 Bxe5 18. Nxe6 fxe6 19. Bh6 Rf7 20. Rae1 Bd4 21. Rxe6 Nxc5 22. Nxc5 Bxc5 23. Bb3 Bd4 24. Re2 Bg7 25. Bc1 Bd4 26. Rd1 e5 27. Be3 Kg7 28. Bxd4 exd4 29. Rxd4 h5 30. Bxd5 cxd5 31. a3 Rd7 32. Re6 Rc8 33. Re2 Rc1+ 34. Kh2 Rc4 35. Rd3 d4 36. Red2 Ra4 37. h4 Kf6 38. Kg3 Ke5 39. Rb3 Ke4 40. Re2+ Kd5 41. Rd2 Ke4 42. Re2+ Kd5 43. f3 Kc4 44. Rb6 Ra6 45. Rb4+ Kd3 46. Re5 Rc6 47. Kf2 Kc2 48. Re2+ Kc1 49. Re1+ Kc2 50. Re2+ Kc1 51. Re1+ Kc2 52. Re2+ Kc1 53. Re1+ 1/2-1/2